LEADER 00787nam0 2200253 450 001 000010286 005 20180629124322.0 100 $a20080423d1959----km-y0itay50------ba 101 0 $aeng 102 $aUS 105 $aa-------001yy 200 1 $aBasics of missile guidance and space techniques$fby Marvin Hobbs 210 $aNew York$cJohn F. Rider$dc1959 215 $a2 v.$cill.$d24 cm 225 2 $a<>Rider publication 410 0$12001$a<>Rider publication 676 $a629.45$v18 700 1$aHobbs,$bMarvin$0631056 801 0$aIT$bUNIPARTHENOPE$c20080423$gRICA$2UNIMARC 912 $a000010286 951 $a629.45/100[1]$b15785$cPIST 951 $a629.45/100[2]$b15785$cPIST 996 $aBasics of missile guidance and space techniques$91203808 997 $aUNIPARTHENOPE LEADER 01159nam0 22002651i 450 001 UON00430080 005 20231205104903.605 100 $a20130917d1975 |0itac50 ba 101 $ager 102 $aDE 105 $a|||| 1|||| 200 1 $aÄsthetische Erfahrung und gesellschaftliches System$eUntersuchungen zu Methodenproblemen einer materialistischen Literaturanalyse am Spätwerk Walter Benjamins$fHelmut Pfotenhauer 210 $aStuttgart$cJ. B. Metzlersche Verlagsbuchhandlung$d1975 215 $a161 p.$d21 cm. 606 $aEstetica$xStudi$3UONC028834$2FI 620 $aDE$dWiesbaden$3UONL003153 676 $a801.93$cEstetica$v21 700 1$aPFOTENHAUER$bHelmut$3UONV152878$0694798 712 $aMetzlersche Verlagsbuchhandlung$3UONV266502$4650 801 $aIT$bSOL$c20241220$gRICA 899 $aSIBA - SISTEMA BIBLIOTECARIO DI ATENEO$2UONSI 912 $aUON00430080 950 $aSIBA - SISTEMA BIBLIOTECARIO DI ATENEO$dSI TED 11 b PFO 01 $eSI ST 8347 5 01 $sBuono 996 $aÄsthetische Erfahrung und gesellschaftliches System$91335722 997 $aUNIOR